| 000 -ლიდერი |
| ფიქსირებული სიგრძის საკონტროლო ველი |
02364nam a2200349Ia 4500 |
| 001 - საკონტროლო ნომერი |
| საკონტროლო ველი |
21512 |
| 003 - საკონტროლო ნომრის იდენტიფიკატორი |
| საკონტროლო ველი |
GE_BSU |
| 005 - ბოლო ოპერაციის თარიღი და დრო |
| საკონტროლო ველი |
20211125145756.0 |
| 008 - ფიქსირებული სიგრძის მონაცემთა ელემენტები - ზოგადი ინფორმაცია |
| ფიქსირებული სიგრძის საკონტროლო ველი |
181216s2016||||ge |||||||||||||| ||geo|| |
| 020 ## - წიგნის საერთაშორისო სტანდარტული ნომერი |
| International Standard Book Number |
9789941091001 |
| 040 ## - კატალოგიზაციის წყარო |
| Transcribing agency |
GE_BSU |
| 041 ## - ენის კოდი |
| Language code of text/sound track or separate title |
geo |
| 080 ## - უნივერსალური ათობითი კლასიფიკაციის ინდექსი |
| Universal Decimal Classification number |
351.74(479.22) პ-55 |
| 245 ## - ცნობა სათაურის შესახებ |
| Title |
პოლიტიკური ნეიტრალიტეტი პოლიციის სისტემაში : |
| Remainder of title |
პოლიტიკის დოკუმენტები, კანონმდებლობა და პრაქტიკა / |
| Statement of responsibility, etc |
რედაქტორი ნინო კალატოზიშვილი ; მთარგმნელი ნათია გელაშვილი ; დიზაინერი გურამ მურადოვი ; გარეკანი სალომე ლაცაბიძე ; მხატვარი : მარიამ კუკავა, ქეთევან ნასრაშვილი, ანი [და სხვ. |
| 264 ## - წარმოების, გამოცემის, დისტრიბუციის და სხვა ცნობები |
| გამოცემის, წარმოების, დისტრიბუციის... ადგილი |
თბილისი : |
| გამოცემის, წარმოების, დისტრიბუციის... სახელწოდება |
[?], |
| გამოცემის, წარმოების, დისტრიბუციის... თარიღი |
2016. |
| 300 ## - ფიზიკური აღწერა |
| Extent |
25, 107 გვ. ; |
| Dimensions |
22 სმ. |
| 500 ## - ზოგადი შენიშვნა |
| General note |
წაღმა-უკუღმა წიგნი |
| 520 ## - SUMMARY, ETC. |
| Summary, etc |
. |
| 546 ## - LANGUAGE NOTE |
| Language note |
გარეკანი, თავფურცელი, ტექსტი აგრეთვე ინგლისურ ენაზე |
| 653 ## - INDEX TERM--UNCONTROLLED |
| Uncontrolled term |
პოლიტიკა |
| 653 ## - INDEX TERM--UNCONTROLLED |
| Uncontrolled term |
პოლიტიკის დოკუმენტები |
| 653 ## - INDEX TERM--UNCONTROLLED |
| Uncontrolled term |
კანონმდებლობა და პრაქტიკა |
| 653 ## - INDEX TERM--UNCONTROLLED |
| Uncontrolled term |
პოლიტიკური ნეიტრალიტეტი პოლიციის სისტემაში |
| 700 ## - ADDED ENTRY--PERSONAL NAME |
| Personal name |
მხატვარი, მარიამ |
| Relator term |
ავტორი |
| 9 (RLIN) |
13056 |
| 700 ## - ADDED ENTRY--PERSONAL NAME |
| Personal name |
კუკავა, ქეთევან |
| Relator term |
ავტორი |
| 9 (RLIN) |
13057 |
| 700 ## - ADDED ENTRY--PERSONAL NAME |
| Personal name |
ნასრაშვილი, ანი |
| Relator term |
ავტორი |
| 9 (RLIN) |
13058 |
| 700 ## - ADDED ENTRY--PERSONAL NAME |
| Personal name |
კალატოზიშვილი, ნინო |
| Relator term |
რედაქტორი |
| 9 (RLIN) |
13059 |
| 700 ## - ADDED ENTRY--PERSONAL NAME |
| Personal name |
გელაშვილი, ნათია |
| Relator term |
მთარგმნელი |
| 9 (RLIN) |
13060 |
| 710 ## - ADDED ENTRY--CORPORATE NAME |
| Corporate name or jurisdiction name as entry element |
ადამიანის უფლებებისა და მონიტორინგის ცენტრი (EMC) |
| 9 (RLIN) |
13061 |
| 942 ## - ADDED ENTRY ELEMENTS (KOHA) |
| Koha item type |
წიგნი |
| Source of classification or shelving scheme |
|